00217nam a22000737a 4500100002400000245008300024260002700107300000900134 aKhoso, Shahzad Riaz aComparative Study of Effluents of Refinery Limited & Pakistan Refinery Limited aNawabshahbQUESTc2008 a46p.